Black Ops 2 Weapons - Statistics

General Stats
  • This quiz has been taken 2 times
  • The average score is 7 of 39
Answer Stats
Picture Answer % Correct
Crossbow
100%
RPG
100%
AN-94
50%
Assault Shield | Riot Shield
50%
Ballista
50%
Ballistic Knife
50%
KAP-40
50%
LSAT
50%
MP7
50%
MTAR
50%
Peacekeeper
50%
B23R
0%
Chicom CQB
0%
DSR-50
0%
Executioner
0%
FAL OSW
0%
FHJ-18 AA
0%
Five-Seven
0%
HAMR
0%
KSG
0%
M1216
0%
M27
0%
M8A1
0%
MK 48
0%
MSMC
0%
PDW-57
0%
QBB LSW
0%
R870 MCS
0%
S12
0%
SCAR-H
0%
Skorpion EVO
0%
SMAW
0%
SMR
0%
SVU-AS
0%
SWAT-556
0%
Tac-45
0%
Type 25
0%
Vector K10
0%
XPR-50
0%
No matching quizzes found
Score Distribution
Percent of People with Each Score
Percentile by Number Answered
Your Score History
You have not taken this quiz